Countries by Official Name #3 - Statistics

General Stats
  • This quiz has been taken 984 times
  • The average score is 11 of 17
Answer Stats
Official Name English Name % Correct
Latvijas Republika Latvia
100%
Repoblikan'i Madagasikara Madagascar
98%
Česká Republika Czech Republic
96%
Medīnat Yisrā'el Israel
95%
Republik Österreich Austria
91%
Konungariket Sverige Sweden
81%
al-Jumhūrīyah al-Yamanīyah Yemen
77%
Magyarország Hungary
72%
al-Jumhūrīyah al-Libnānīyah Lebanon
69%
ye-Ītyōṗṗyā Fēdēralāwī Dīmōkrāsīyāwī Rīpeblīk Ethiopia
59%
Umbuso weSwatini Swaziland
57%
Republika e Shqipërisë Albania
39%
Daehan Minguk South Korea
34%
Ǧumhūriyyat Maṣr al-ʿArabiyyah Egypt
33%
Dawlat al-Imārāt al-‘Arabīyah al-Muttaḥidah United Arab Emirates
31%
Hayastani Hanrapetut’yun Armenia
16%
Tageldit n Elmeɣrib Morocco
12%
No matching quizzes found
Score Distribution
Percent of People with Each Score
Percentile by Number Answered
Your Score History
You have not taken this quiz